banner-ar

الملابس فى الفن الاتروسكى : (Record no. 64637)

MARC details
000 -الفاتح
حقل البيانات ثابتة الطول 01032nam a22002417a 4500
005 - وقت وتاريخ اخر تعامل مع التسجيلة
رقم الضبط 20240530110742.0
008 - عناصر البيانات ثابتة الطول - معلومات عامة
حقل البيانات ثابتة الطول 180926s2018 ua af f 000 0 ara d
017 ## - رقم الايداع القانونى
رقم الايداع القانونى 2017/20186
المصدر ( الهيئة المختصة) مصر. دار الكتب
020 ## - الرقم الدولى المعيارى للكتب
الرقم الدولى المعيارى للكتاب 9789777357449
040 ## - مصدر الفهرسة
وكالة الفهرسة الأصلية EG-CaGPL
وكالة النسخ EG-CaGPL
082 04 - رقم تصنيف ديوى العشرى
رقم الطبعة 21
رقم التصنيف 746.92 /
رقم المادة أ م
100 0# - المدخل الرئيسى - إسم شخصى
الإسم الشخصى امل مجدى عبدالله متولى
245 10 - بيان العنوان
العنوان الملابس فى الفن الاتروسكى :
بقية العنوان الازياء فى ايطاليا = Clothes in Etruscan Art /
بيان المسئوليه,etc امل مجدى عبدالله متولى
246 11 - العنوان الموازى
عنوان صحيح/عنوان مختصر Clothes in Etruscan Art
260 ## - PUBLICATION, DISTRIBUTION, ETC. (IMPRINT)
تاريخ النشر أو التوزيع 2018.
300 ## - الوصف المادى
التعداد 259 ص. :
تفاصيل ماديه اخرى للوعاء ايض. ؛
أبعاد الوعاء 24 سم.
650 07 - المدخل الاضافى بالموضوع-مصطلح موضوعى
مصدر الرأس أو المصطلح qrmak
مصطلح موضوعي الملابس
التقسيم الفرعي العام الفن الاتروبسكى
650 07 - المدخل الاضافى بالموضوع-مصطلح موضوعى
مصدر الرأس أو المصطلح qrmak
مصطلح موضوعي العادات والتقاليد
التقسيم الفرعي الجغرافي ايطاليا
650 07 - المدخل الاضافى بالموضوع-مصطلح موضوعى
مصدر الرأس أو المصطلح qrmak
مصطلح موضوعي الملابس
التقسيم الفرعي العام تاريخ
التقسيم الفرعي الجغرافي ايطاليا
651 ## - المدخل الاضافى بالموضوع - اسم جغرافى
مصدر الرأس أو المصطلح qrmak
942 ## - عناصر المدخل الإضافي( كوها)
مصدر التصنيف او مخطط الترفيف Dewey Decimal Classification
Koha [default] item type كتاب
260 ## - PUBLICATION, DISTRIBUTION, ETC. (IMPRINT)
-- الاسكندرية :
-- دار الوفاء لدنيا الطباعة و النشر ،
Holdings
حالة التراجع حالة الفقد حالة تلف ليس للاعارة المكان المؤقت الموقع الحالى موقع الترفيف تاريخ الاكتساب اجمالي اﻻعارات رقم الطلب الباركود تاريخ اخر مشاهدة تاريخ تفعيل السعر نوع وعاء كوها
        مكتبة القاهرة الكبرى مكتبة القاهرة الكبرى   11/07/2018   746.92 / أ م 165084 11/07/2018 11/07/2018 كتاب

Powered By

EGPV